000 00327nam a2200133Ia 4500
005 20251222155124.0
008 251222s9999||||xx |||||||||||||| ||spa||
082 _aETI.171
100 _aJOSE ANTONIO P
245 0 _aId y curad evangelizar el mundo de la salud y la enf,
250 _a1ra. ed.
264 _bPPC
942 _cLIB
999 _c38565
_d38565